| 000 | 00742nam a2200265Ia 4500 | ||
|---|---|---|---|
| 003 | OSt | ||
| 005 | 20221006142111.0 | ||
| 006 | a|||||r|||| 00| 0 | ||
| 007 | ta | ||
| 008 | 221006b |||||||| |||| 00| 0 eng d | ||
| 020 |
_a8170173132 _c1500.00 |
||
| 024 | _a5,273 | ||
| 037 | _cTextual | ||
| 040 |
_aEASL _cEASL _beng |
||
| 041 |
_2eng _aeng |
||
| 082 | _aN41.N, N4 | ||
| 100 |
_aTAN Chung Ed. _9608593 |
||
| 245 | 0 |
_aDunhuang art _b Through eyes of Duan Wenjie |
|
| 260 |
_aNew Delhi _bAbhinav Publications India _c1994 |
||
| 300 |
_a456p. _ccm. |
||
| 650 |
_a Mogao Caves _9646899 |
||
| 650 |
_aChronological Chart-p 17 _9646900 |
||
| 942 |
_hN41.N, N4 _cTEXL _2CC |
||
| 999 |
_c1073359 _d1073359 |
||